| 000 | 00370nam a22001577a 4500 | ||
|---|---|---|---|
| 003 | OSt | ||
| 008 | 260224b |||||||| |||| 00| 0 eng d | ||
| 020 | _a9780861542611 | ||
| 082 | _a813.54 SNP | ||
| 100 | _aSNICKET,Lemoy | ||
| 245 | _aPoison for Breakfast | ||
| 250 | _a1st Ed Reprint | ||
| 260 |
_aNew Delhi _bAakar Books _c2021 |
||
| 300 | _a158p | ||
| 942 |
_2ddc _cREF |
||
| 999 |
_c13856 _d13856 |
||